000 00202 a2200097 4500
001 11338
100 _aClaney, T.
245 _aThe Hunt for Red Octobor
260 _a
_bCollins
_c
090 _c8887
_d8887
942 _aNUST-CAE
_cM
_c35696
999 _c246411
_d246411